000 00477nam a2200157Ia 4500
999 _c5602
_d5602
003 OSt
005 20201009111213.0
008 190216s9999||||xx |||||||||||||| ||und||
040 _coclc
082 _a658.1511
_bSRE/M
100 _aPillai, P R Sreedharan
_91179
245 0 _aManagement Accounting /
_cP R Sreedharan Pillai
260 _bNational Publications,
_c1996,
_aNew Delhi:
300 _a332p
942 _cBK
_2ddc
_h658.1511
_iSRE/M
_k658.1511
_mSRE/M